000 00711nam a22002297a 4500
001 88227
003 UA-OsUOA
005 20230912151816.0
007 ta
008 20121002b un ||||| |||| 00| 0 ukr d
020 _a5-335-00010-4
040 _aUA-OsUOA
_bukr
_cUA-OsUOA
_dUA-OsUOA
041 _aukr
080 _a33(477)
090 _a33(477)
_bН30
245 _aНародне господарство Української РСР у 1987 році
_bстатистичний щорічник
_cвідп. за випуск В. В. Самченко
260 _aК.
_bТехніка
_c1988
300 _a463 с.
650 7 _a330 Економіка взагалі
_2UDC
942 _cBK
_2udc
955 _a2
999 _c374683
_d374683